000 00733nam a2200241 i 4500
001 bg
100 1 _aSZOSTAK, Daniel
245 1 0 _aPodstawy hotelarstwa :
_bmateriały do ćwiczeń i wykładów /
_cDaniel Szostak ; Uniwersytet Szczeciński.
260 _aSzczecin :
_bWydaw Naukowe US,
_c2004.
300 _a159 s. ;
_c24 cm.
504 _aBibliogr.
650 9 _aHotelarstwo
655 _aPodręczniki akademickie
710 0 _aUniwersytet Szczeciński
020 _a8372414157
040 _cBPK
041 0 _apol
080 _a640.41/.42(075.8)
920 _a83-7241-415-7
942 _cKS
008 s pl f |000 0 pol
999 _c45773
_d45773
856 _uhttp://koha.tu.koszalin.pl/cgi-bin/koha/opac-detail.pl?biblionumber=45773
_yKatalog online BPK